Lanean...

Introduction to the study of the law of the constitution

Xehetasun bibliografikoak
Egile nagusia: Dicey, A V
Formatua: Printed Book
Argitaratua: Delhi Universal book traders 1994
Edizioa:ed10
Gaiak:
LEADER 00441nam a22001337a 4500
020 |a 8185200769 
100 |a Dicey, A V  |9 436 
245 |a Introduction to the study of the law of the constitution 
250 |a ed10 
260 |a Delhi  |b Universal book traders  |c 1994 
653 |a Constitution 
942 |c REF  |6 _ 
999 |c 184450  |d 184450 
952 |0 0  |1 0  |4 0  |6 34241_DIC59  |7 0  |9 237807  |a SLS  |b SLS  |d 2008-12-22  |o 342(41) DIC' 59  |p SLS017182  |r 2008-12-22  |w 2008-12-22  |y REF